A pata e a gata (Registo nº 2020)

Detalhes MARC
000 -Etiqueta do registo
Cabeçalho 00761nam a22002651 4500
005 - Identificador da versão
Campo de controlo 20240827112129.0
010 ## - Número internacional normalizado dos livros (ISBN)
Número (ISBN) 9720708514
021 ## - Número do Depósito Legal
Código do país ES
Número M-22462/05
100 ## - Dados gerais de processamento
Dados gerais de processamento 20070629d2005 bc y0pory5003 ba
101 1# - Língua de publicação
Língua do texto, banda sonora, etc. Português
Língua do documento no original Espanhol
102 ## - Pais de publicação ou produção
País de publicação Portugal
105 ## - Campo de dados codificados: livros
Dados codificados dos livros a z 000yy
106 ## - Campo de dados codificados: material textual
Dados codificados do material textual r
200 1# - Titulo e menção de responsabilidade
Título próprio A pata e a gata
Informação de outro título brinca com o a
Primeira menção de responsabilidade il. Tría 3
Outras menções de responsabilidade história de Beatriz Doumerc
-- trad. e adapt. Olga Barbosa
210 ## - Publicação, Distribuição, etc. 
Lugar da edição, distribuição, etc. Porto
Nome do editor, distribuidor, etc. Porto Editora
Data da publicação, distribuição, etc. 2005
215 ## - Descrição física 
Indicação específica da natureza do documento e extensão da espécie 17, [6] p.
Outras indicações físicas il.
Dimensões 15x20 cm
225 2# - Colecção 
Título próprio da colecção O zoo das letras
Indicação de volume
304 ## - Notas relativas a título e menção de responsabilidade 
Texto da nota Tít. orig.: La pata y la gata
675 ## - Classificação Decimal Universal (CDU)
Notação 087.5
Edição BN
Língua da edição por
700 #1 - Nome de autor-pessoa física (responsabilidade principal)
Número de registo de entrada de autoridade 0000715
Palavra de ordem Doumerc
Outra parte do nome não tomada para palavra de ordem Beatriz
702 #1 - Nome de autor-pessoa física (responsabilidade secundária)
Número de registo de entrada de autoridade 0000716
Palavra de ordem Barbosa
Outra parte do nome não tomada para palavra de ordem Olga
Código de função Tradutor
711 02 - Nome de colectividade-autor (co-responsabilidade principal)
Número de registo de entrada de autoridade 0000717
Palavra de ordem Tría 3
Código de função Ilustrador / Técnico de desenho computorizado
942 ## - Elementos de entrada adicionados (Koha)
Tipo de item no Koha Livro
Exemplares
Situação do levantamento Origin of item (home branch) (coded) Biblioteca de empréstimo Código de barras Cota Circulation type (not for loan) Tipo de documento Nota do exemplar Damaged status
  Biblioteca Escolar da Coca Maravilhas Biblioteca Escolar da Coca Maravilhas BECM7839/07 8EST DOU   Livro Sem mensagem